<?xml version="1.0" encoding="UTF-8"?><?xml-stylesheet type="text/xsl" href="static/style.xsl"?><OAI-PMH xmlns="http://www.openarchives.org/OAI/2.0/" xmlns:xsi="http://www.w3.org/2001/XMLSchema-instance" xsi:schemaLocation="http://www.openarchives.org/OAI/2.0/ http://www.openarchives.org/OAI/2.0/OAI-PMH.xsd"><responseDate>2026-04-27T21:22:51Z</responseDate><request verb="GetRecord" identifier="oai:uvadoc.uva.es:10324/31008" metadataPrefix="marc">https://uvadoc.uva.es/oai/request</request><GetRecord><record><header><identifier>oai:uvadoc.uva.es:10324/31008</identifier><datestamp>2021-06-29T21:48:26Z</datestamp><setSpec>com_10324_38</setSpec><setSpec>col_10324_852</setSpec></header><metadata><record xmlns="http://www.loc.gov/MARC21/slim" xmlns:doc="http://www.lyncode.com/xoai" xmlns:xsi="http://www.w3.org/2001/XMLSchema-instance" xmlns:dcterms="http://purl.org/dc/terms/" xsi:schemaLocation="http://www.loc.gov/MARC21/slim http://www.loc.gov/standards/marcxml/schema/MARC21slim.xsd">
<leader>00925njm 22002777a 4500</leader>
<datafield tag="042" ind1=" " ind2=" ">
<subfield code="a">dc</subfield>
</datafield>
<datafield tag="720" ind1=" " ind2=" ">
<subfield code="a">Pérez Magán, Laura</subfield>
<subfield code="e">author</subfield>
</datafield>
<datafield tag="260" ind1=" " ind2=" ">
<subfield code="c">2018</subfield>
</datafield>
<datafield tag="520" ind1=" " ind2=" ">
<subfield code="a">Este trabajo analiza la evolución de la imagen mediática de Fernando Alonso a lo largo&#xd;
de su carrera. La investigación se centra, en concreto, en los años 2005, 2013 y 2017&#xd;
por las características particulares de cada uno de ellos. El análisis mediático&#xd;
comparado del presente estudio permite conocer qué aspectos han ido cambiando o&#xd;
evolucionando sobre su trayectoria e imagen.</subfield>
</datafield>
<datafield tag="024" ind2=" " ind1="8">
<subfield code="a">http://uvadoc.uva.es/handle/10324/31008</subfield>
</datafield>
<datafield ind1=" " ind2=" " tag="653">
<subfield code="a">Medios de comunicación social</subfield>
</datafield>
<datafield tag="245" ind1="0" ind2="0">
<subfield code="a">Análisis y evolución mediática de Fernando Alonso durante los años 2005, 2013 y 2017</subfield>
</datafield>
</record></metadata></record></GetRecord></OAI-PMH>